| 000 | 00534nam a22001577a 4500 | ||
|---|---|---|---|
| 999 |
_c6203 _d6203 |
||
| 008 | 150922b xxu||||| |||| 00| 0 eng d | ||
| 020 | _a9781884585470 | ||
| 050 |
_aQ 180.55 _b .M4P38 2005 |
||
| 100 |
_aPatten, Mildred L. _d2002 |
||
| 245 |
_aUnderstanding Research methods _bAn Overview of the Essentials. _cMildred L. Patten |
||
| 250 | _a5th ed. | ||
| 260 |
_aLos Angeles : _bPyrczak Publishing, _c2005 |
||
| 300 |
_avi,138p. : _bill. ; _c28cm. |
||
| 760 | _b5thed | ||
| 942 |
_2lcc _cBOOKS _hQ 180.55.M4P38 2005 |
||